[Event "DEM U14w 2024"]
[Site "Willingen GER"]
[Date "2024.05.22"]
[Round "5"]
[White "Trunz, Tamila"]
[Black "Schwarzfischer, Julia"]
[Result "1-0"]
[Termination "normal"]
[Board "1"]
[WhiteElo "1988"]
[BlackElo "1767"]
[WhiteClock "00:14:40"]
[BlackClock "00:08:33"]
[PlyCount "83"]
[WhiteFideId "16267885"]
[BlackFideId "16268105"]
[EventCountry "GER"]
[EventRounds "9"]
[EventType "swiss"]
[EventDate "2024.05.18"]

1. e4 {[%clk 01:30:57]} {[%emt 00:00:03]} e5 {[%clk 01:30:55]} {[%emt
00:00:05]} 2. Nf3 {[%clk 01:31:22]} {[%emt 00:00:05]} Nc6 {[%clk 01:31:21]}
{[%emt 00:00:05]} 3. Bb5 {[%clk 01:31:30]} {[%emt 00:00:21]} a6 {[%clk
01:31:42]} {[%emt 00:00:09]} 4. Ba4 {[%clk 01:31:54]} {[%emt 00:00:06]} Nf6
{[%clk 01:32:07]} {[%emt 00:00:06]} 5. O-O {[%clk 01:29:39]} {[%emt 00:02:44]}
Be7 {[%clk 01:31:53]} {[%emt 00:00:44]} 6. Re1 {[%clk 01:27:05]} {[%emt
00:03:04]} b5 {[%clk 01:32:01]} {[%emt 00:00:21]} 7. Bb3 {[%clk 01:27:28]}
{[%emt 00:00:07]} d6 {[%clk 01:31:37]} {[%emt 00:00:54]} 8. c3 {[%clk
01:27:30]} {[%emt 00:00:29]} Na5 {[%clk 01:29:24]} {[%emt 00:02:44]} 9. Bc2
{[%clk 01:27:31]} {[%emt 00:00:29]} c5 {[%clk 01:29:32]} {[%emt 00:00:22]} 10.
d4 {[%clk 01:21:47]} {[%emt 00:06:14]} Qc7 {[%clk 01:28:14]} {[%emt 00:01:47]}
11. Nbd2 {[%clk 01:18:09]} {[%emt 00:04:08]} O-O {[%clk 01:26:10]} {[%emt
00:02:33]} 12. h3 {[%clk 01:13:03]} {[%emt 00:05:36]} h6 {[%clk 01:23:29]}
{[%emt 00:03:11]} 13. Nf1 {[%clk 01:12:07]} {[%emt 00:01:27]} Re8 {[%clk
01:20:08]} {[%emt 00:03:50]} 14. a4 {[%clk 01:05:08]} {[%emt 00:07:29]} Bd7
{[%clk 01:19:22]} {[%emt 00:01:16]} 15. axb5 {[%clk 01:00:33]} {[%emt
00:05:05]} axb5 {[%clk 01:14:24]} {[%emt 00:05:28]} 16. b3 {[%clk 00:57:12]}
{[%emt 00:03:51]} Bf8 {[%clk 01:12:08]} {[%emt 00:02:46]} 17. Ne3 {[%clk
00:55:27]} {[%emt 00:02:15]} Nc6 {[%clk 01:06:51]} {[%emt 00:05:48]} 18. Bb2
{[%clk 00:54:09]} {[%emt 00:01:48]} exd4 {[%clk 01:00:18]} {[%emt 00:07:03]}
19. cxd4 {[%clk 00:52:33]} {[%emt 00:02:06]} Rxa1 {[%clk 00:58:15]} {[%emt
00:02:33]} 20. Bxa1 {[%clk 00:52:27]} {[%emt 00:00:36]} Nb4 {[%clk 00:56:15]}
{[%emt 00:02:30]} 21. dxc5 {[%clk 00:42:59]} {[%emt 00:09:58]} Nxe4 {[%clk
00:50:15]} {[%emt 00:06:30]} 22. Nd5 {[%clk 00:40:38]} {[%emt 00:02:51]} Nxd5
{[%clk 00:49:36]} {[%emt 00:01:09]} 23. Qxd5 {[%clk 00:37:40]} {[%emt
00:03:28]} Nxc5 {[%clk 00:43:09]} {[%emt 00:06:57]} 24. Rxe8 {[%clk 00:36:52]}
{[%emt 00:01:17]} Bxe8 {[%clk 00:40:36]} {[%emt 00:03:03]} 25. Qf5 {[%clk
00:36:21]} {[%emt 00:01:00]} f6 {[%clk 00:40:38]} {[%emt 00:00:30]} 26. Qh7+
{[%clk 00:22:23]} {[%emt 00:14:27]} Kf7 {[%clk 00:41:01]} {[%emt 00:00:07]} 27.
Bg6+ {[%clk 00:22:10]} {[%emt 00:00:42]} Ke7 {[%clk 00:33:48]} {[%emt
00:07:43]} 28. Bxf6+ {[%clk 00:22:10]} {[%emt 00:00:30]} Kxf6 {[%clk 00:32:41]}
{[%emt 00:01:37]} 29. Bxe8 {[%clk 00:22:26]} {[%emt 00:00:15]} Ke7 {[%clk
00:27:57]} {[%emt 00:05:14]} 30. Qg6 {[%clk 00:22:03]} {[%emt 00:00:52]} Kd8
{[%clk 00:27:23]} {[%emt 00:01:05]} 31. Nd4 {[%clk 00:21:56]} {[%emt 00:00:38]}
Kc8 {[%clk 00:26:30]} {[%emt 00:01:23]} 32. Qf5+ {[%clk 00:21:30]} {[%emt
00:00:55]} Kb7 {[%clk 00:25:16]} {[%emt 00:01:45]} 33. Qxf8 {[%clk 00:21:36]}
{[%emt 00:00:24]} Nd7 {[%clk 00:20:49]} {[%emt 00:04:57]} 34. Qf3+ {[%clk
00:20:11]} {[%emt 00:01:55]} Kb6 {[%clk 00:18:27]} {[%emt 00:02:53]} 35. g3
{[%clk 00:18:11]} {[%emt 00:02:30]} Qc1+ {[%clk 00:17:57]} {[%emt 00:01:00]}
36. Kg2 {[%clk 00:18:30]} {[%emt 00:00:10]} Ne5 {[%clk 00:17:37]} {[%emt
00:00:51]} 37. Qd5 {[%clk 00:18:45]} {[%emt 00:00:14]} Qc5 {[%clk 00:14:28]}
{[%emt 00:03:41]} 38. Qe4 {[%clk 00:17:30]} {[%emt 00:01:44]} Ka5 {[%clk
00:11:39]} {[%emt 00:03:20]} 39. Nxb5 {[%clk 00:15:36]} {[%emt 00:02:24]} Kb6
{[%clk 00:10:58]} {[%emt 00:01:11]} 40. b4 {[%clk 00:14:55]} {[%emt 00:01:11]}
Qc8 {[%clk 00:08:37]} {[%emt 00:02:50]} 41. Nxd6 {[%clk 00:14:40]} {[%emt
00:00:44]} Qe6 {[%clk 00:08:33]} {[%emt 00:00:35]} 42. Qb7# {[%emt 00:00:38]}
1-0

[Event "DEM U14w 2024"]
[Site "Willingen GER"]
[Date "2024.05.22"]
[Round "5"]
[White "Czäczine, Paula"]
[Black "Richter, Johanna"]
[Result "0-1"]
[Termination "normal"]
[Board "2"]
[WhiteElo "1808"]
[BlackElo "1741"]
[WhiteClock "00:01:59"]
[BlackClock "00:02:17"]
[PlyCount "84"]
[WhiteFideId "16249305"]
[BlackFideId "16278925"]
[EventCountry "GER"]
[EventRounds "9"]
[EventType "swiss"]
[EventDate "2024.05.18"]

1. e4 {[%clk 01:30:57]} {[%emt 00:00:02]} c5 {[%clk 01:30:55]} {[%emt
00:00:06]} 2. Nf3 {[%clk 01:31:23]} {[%emt 00:00:04]} Nc6 {[%clk 01:31:11]}
{[%emt 00:00:13]} 3. b4 {[%clk 01:31:48]} {[%emt 00:00:05]} Nxb4 {[%clk
01:28:24]} {[%emt 00:03:18]} 4. c3 {[%clk 01:32:07]} {[%emt 00:00:11]} Nc6
{[%clk 01:28:40]} {[%emt 00:00:13]} 5. d4 {[%clk 01:32:23]} {[%emt 00:00:13]}
cxd4 {[%clk 01:28:06]} {[%emt 00:01:05]} 6. cxd4 {[%clk 01:32:48]} {[%emt
00:00:05]} g6 {[%clk 01:27:14]} {[%emt 00:01:22]} 7. Nc3 {[%clk 01:30:14]}
{[%emt 00:03:04]} Bg7 {[%clk 01:26:47]} {[%emt 00:00:57]} 8. h3 {[%clk
01:26:22]} {[%emt 00:04:22]} e6 {[%clk 01:22:06]} {[%emt 00:05:11]} 9. Be3
{[%clk 01:14:33]} {[%emt 00:12:18]} Nge7 {[%clk 01:19:48]} {[%emt 00:02:49]}
10. Rc1 {[%clk 01:12:42]} {[%emt 00:02:21]} d6 {[%clk 01:14:48]} {[%emt
00:05:30]} 11. Be2 {[%clk 01:03:44]} {[%emt 00:09:28]} a6 {[%clk 01:04:12]}
{[%emt 00:11:06]} 12. O-O {[%clk 00:53:42]} {[%emt 00:10:30]} O-O {[%clk
01:04:30]} {[%emt 00:00:13]} 13. Qb3 {[%clk 00:49:39]} {[%emt 00:04:33]} d5
{[%clk 00:59:30]} {[%emt 00:05:30]} 14. e5 {[%clk 00:43:00]} {[%emt 00:07:09]}
Nf5 {[%clk 00:59:16]} {[%emt 00:00:44]} 15. Na4 {[%clk 00:41:10]} {[%emt
00:02:21]} Na5 {[%clk 00:55:43]} {[%emt 00:04:02]} 16. Qb4 {[%clk 00:38:56]}
{[%emt 00:02:44]} Nxe3 {[%clk 00:53:33]} {[%emt 00:02:40]} 17. fxe3 {[%clk
00:39:12]} {[%emt 00:00:14]} b5 {[%clk 00:53:09]} {[%emt 00:00:54]} 18. Nc5
{[%clk 00:35:14]} {[%emt 00:04:28]} Nc4 {[%clk 00:53:03]} {[%emt 00:00:35]} 19.
e4 {[%clk 00:33:39]} {[%emt 00:02:05]} dxe4 {[%clk 00:50:08]} {[%emt 00:03:25]}
20. Nxe4 {[%clk 00:33:47]} {[%emt 00:00:22]} Bb7 {[%clk 00:45:14]} {[%emt
00:05:24]} 21. Nd6 {[%clk 00:31:00]} {[%emt 00:03:16]} Nxd6 {[%clk 00:44:53]}
{[%emt 00:00:51]} 22. exd6 {[%clk 00:31:21]} {[%emt 00:00:10]} Rc8 {[%clk
00:36:32]} {[%emt 00:08:50]} 23. Kh1 {[%clk 00:19:18]} {[%emt 00:12:32]} Qb6
{[%clk 00:32:02]} {[%emt 00:05:01]} 24. Ne5 {[%clk 00:14:54]} {[%emt 00:04:54]}
Rxc1 {[%clk 00:23:25]} {[%emt 00:09:07]} 25. Rxc1 {[%clk 00:15:20]} {[%emt
00:00:05]} Bxe5 {[%clk 00:21:12]} {[%emt 00:02:42]} 26. dxe5 {[%clk 00:15:45]}
{[%emt 00:00:04]} Qe3 {[%clk 00:21:35]} {[%emt 00:00:07]} 27. Qc3 {[%clk
00:11:17]} {[%emt 00:04:59]} Qxe2 {[%clk 00:18:53]} {[%emt 00:03:11]} 28. Rc2
{[%clk 00:11:41]} {[%emt 00:00:06]} Qc4 {[%clk 00:13:39]} {[%emt 00:05:43]} 29.
Qd2 {[%clk 00:09:26]} {[%emt 00:02:47]} Qd5 {[%clk 00:12:44]} {[%emt 00:01:24]}
30. Qe2 {[%clk 00:05:16]} {[%emt 00:04:40]} Qe4 {[%clk 00:07:44]} {[%emt
00:05:30]} 31. Qxe4 {[%clk 00:03:52]} {[%emt 00:01:54]} Bxe4 {[%clk 00:08:12]}
{[%emt 00:00:01]} 32. Rc7 {[%clk 00:04:04]} {[%emt 00:00:18]} Rd8 {[%clk
00:07:45]} {[%emt 00:00:57]} 33. Ra7 {[%clk 00:04:19]} {[%emt 00:00:16]} f6
{[%clk 00:05:49]} {[%emt 00:02:25]} 34. Rxa6 {[%clk 00:03:20]} {[%emt
00:01:29]} fxe5 {[%clk 00:06:16]} {[%emt 00:00:03]} 35. Kg1 {[%clk 00:03:30]}
{[%emt 00:00:19]} Kf8 {[%clk 00:04:30]} {[%emt 00:02:18]} 36. Kf2 {[%clk
00:03:39]} {[%emt 00:00:21]} Ke8 {[%clk 00:04:06]} {[%emt 00:00:54]} 37. g3
{[%clk 00:02:56]} {[%emt 00:01:13]} h6 {[%clk 00:03:56]} {[%emt 00:00:40]} 38.
Ke3 {[%clk 00:02:54]} {[%emt 00:00:32]} Bg2 {[%clk 00:04:00]} {[%emt 00:00:26]}
39. Kd3 {[%clk 00:02:49]} {[%emt 00:00:36]} Kd7 {[%clk 00:03:57]} {[%emt
00:00:33]} 40. h4 {[%clk 00:02:24]} {[%emt 00:00:55]} Rg8 {[%clk 00:02:09]}
{[%emt 00:02:13]} 41. Kc3 {[%clk 00:02:32]} {[%emt 00:00:27]} Bc6 {[%clk
00:02:10]} {[%emt 00:00:29]} 42. Kb4 {[%clk 00:01:59]} {[%emt 00:01:03]} Kxd6
{[%clk 00:02:17]} {[%emt 00:00:23]} 0-1

[Event "DEM U14w 2024"]
[Site "Willingen GER"]
[Date "2024.05.22"]
[Round "5"]
[White "Kopylov, Diana"]
[Black "Halas, Neele Zoe"]
[Result "1/2-1/2"]
[Termination "normal"]
[Board "3"]
[WhiteElo "1887"]
[BlackElo "1689"]
[WhiteClock "00:00:47"]
[BlackClock "00:01:39"]
[PlyCount "127"]
[WhiteFideId "16268865"]
[BlackFideId "16287282"]
[EventCountry "GER"]
[EventRounds "9"]
[EventType "swiss"]
[EventDate "2024.05.18"]

1. e4 {[%clk 01:30:58]} c6 {[%clk 01:30:56]} {[%emt 00:00:05]} 2. d4 {[%clk
01:31:21]} {[%emt 00:00:07]} d5 {[%clk 01:31:23]} {[%emt 00:00:04]} 3. Nc3
{[%clk 01:31:40]} {[%emt 00:00:11]} dxe4 {[%clk 01:31:40]} {[%emt 00:00:13]} 4.
Nxe4 {[%clk 01:32:02]} {[%emt 00:00:08]} Nf6 {[%clk 01:32:04]} {[%emt
00:00:06]} 5. Nxf6+ {[%clk 01:32:17]} {[%emt 00:00:15]} exf6 {[%clk 01:32:29]}
{[%emt 00:00:05]} 6. c3 {[%clk 01:32:31]} {[%emt 00:00:16]} Bf5 {[%clk
01:32:21]} {[%emt 00:00:38]} 7. Bf4 {[%clk 01:27:47]} {[%emt 00:05:13]} Bd6
{[%clk 01:28:03]} {[%emt 00:04:49]} 8. Bxd6 {[%clk 01:26:19]} {[%emt 00:01:58]}
Qxd6 {[%clk 01:28:27]} {[%emt 00:00:06]} 9. Bc4 {[%clk 01:24:19]} {[%emt
00:02:29]} O-O {[%clk 01:26:15]} {[%emt 00:02:42]} 10. Ne2 {[%clk 01:22:59]}
{[%emt 00:01:49]} Nd7 {[%clk 01:20:51]} {[%emt 00:05:55]} 11. O-O {[%clk
01:21:30]} {[%emt 00:01:58]} Nb6 {[%clk 01:19:34]} {[%emt 00:01:48]} 12. Bb3
{[%clk 01:14:37]} {[%emt 00:07:23]} Rad8 {[%clk 01:09:49]} {[%emt 00:10:15]}
13. Ng3 {[%clk 01:12:13]} {[%emt 00:02:53]} Bg6 {[%clk 01:07:27]} {[%emt
00:02:53]} 14. Qf3 {[%clk 01:10:32]} {[%emt 00:02:10]} a5 {[%clk 00:56:38]}
{[%emt 00:11:20]} 15. a3 {[%clk 01:02:35]} {[%emt 00:08:26]} a4 {[%clk
00:43:01]} {[%emt 00:14:07]} 16. Ba2 {[%clk 01:00:56]} {[%emt 00:02:08]} Nc8
{[%clk 00:37:55]} {[%emt 00:05:38]} 17. Ne4 {[%clk 00:53:49]} {[%emt 00:07:36]}
Bxe4 {[%clk 00:37:49]} {[%emt 00:00:36]} 18. Qxe4 {[%clk 00:54:12]} {[%emt
00:00:07]} Rfe8 {[%clk 00:36:54]} {[%emt 00:01:26]} 19. Qd3 {[%clk 00:47:04]}
{[%emt 00:07:38]} b5 {[%clk 00:28:53]} {[%emt 00:08:32]} 20. Rac1 {[%clk
00:43:04]} {[%emt 00:04:28]} Ne7 {[%clk 00:23:21]} {[%emt 00:06:02]} 21. Rfd1
{[%clk 00:38:57]} {[%emt 00:04:37]} Ng6 {[%clk 00:22:07]} {[%emt 00:01:45]} 22.
Bb1 {[%clk 00:35:32]} {[%emt 00:03:54]} Kf8 {[%clk 00:18:50]} {[%emt 00:03:47]}
23. g3 {[%clk 00:33:19]} {[%emt 00:02:43]} Rb8 {[%clk 00:13:24]} {[%emt
00:05:56]} 24. Rd2 {[%clk 00:25:42]} {[%emt 00:08:07]} Qd5 {[%clk 00:12:44]}
{[%emt 00:01:11]} 25. h4 {[%clk 00:23:49]} {[%emt 00:02:22]} Kg8 {[%clk
00:12:12]} {[%emt 00:01:03]} 26. Kh2 {[%clk 00:15:42]} {[%emt 00:08:36]} Qb3
{[%clk 00:10:51]} {[%emt 00:01:52]} 27. h5 {[%clk 00:12:49]} {[%emt 00:03:22]}
Nf8 {[%clk 00:11:16]} {[%emt 00:00:05]} 28. Qf3 {[%clk 00:11:46]} {[%emt
00:01:32]} Qd5 {[%clk 00:09:34]} {[%emt 00:02:12]} 29. Qxd5 {[%clk 00:07:24]}
{[%emt 00:04:52]} cxd5 {[%clk 00:09:58]} {[%emt 00:00:07]} 30. Kg2 {[%clk
00:06:32]} {[%emt 00:01:21]} g6 {[%clk 00:08:58]} {[%emt 00:01:31]} 31. Rh1
{[%clk 00:05:39]} {[%emt 00:01:22]} f5 {[%clk 00:07:54]} {[%emt 00:01:35]} 32.
Bd3 {[%clk 00:05:23]} {[%emt 00:00:46]} Ne6 {[%clk 00:04:20]} {[%emt 00:04:04]}
33. f4 {[%clk 00:04:23]} {[%emt 00:01:29]} Kg7 {[%clk 00:01:40]} {[%emt
00:03:10]} 34. Kf3 {[%clk 00:03:53]} {[%emt 00:01:00]} Re7 {[%clk 00:01:31]}
{[%emt 00:00:39]} 35. Rdh2 {[%clk 00:03:42]} {[%emt 00:00:40]} Kg8 {[%clk
00:01:49]} {[%emt 00:00:12]} 36. g4 {[%clk 00:03:31]} {[%emt 00:00:41]} fxg4+
{[%clk 00:02:05]} {[%emt 00:00:15]} 37. Kxg4 {[%clk 00:03:48]} {[%emt
00:00:12]} Rbb7 {[%clk 00:01:19]} {[%emt 00:01:16]} 38. hxg6 {[%clk 00:01:57]}
{[%emt 00:02:21]} fxg6 {[%clk 00:01:46]} {[%emt 00:00:03]} 39. f5 {[%clk
00:01:48]} {[%emt 00:00:39]} h5+ {[%clk 00:01:52]} {[%emt 00:00:25]} 40. Kg3
{[%clk 00:00:46]} {[%emt 00:01:29]} gxf5 {[%clk 00:01:45]} {[%emt 00:00:39]}
41. Rxh5 {[%clk 00:25:53]} {[%emt 00:05:23]} Rg7+ {[%clk 00:30:53]} {[%emt
00:01:22]} 42. Kf2 {[%clk 00:23:50]} {[%emt 00:02:33]} Nf4 {[%clk 00:22:32]}
{[%emt 00:08:51]} 43. Rh8+ {[%clk 00:23:59]} {[%emt 00:00:19]} Kf7 {[%clk
00:22:53]} {[%emt 00:00:11]} 44. Bxf5 {[%clk 00:23:20]} {[%emt 00:01:10]} Rb6
{[%clk 00:21:59]} {[%emt 00:01:24]} 45. Kf3 {[%clk 00:19:18]} {[%emt 00:04:31]}
Ng2 {[%clk 00:21:26]} {[%emt 00:01:03]} 46. R8h6 {[%clk 00:14:03]} {[%emt
00:05:45]} Rxh6 {[%clk 00:17:26]} {[%emt 00:06:45]} 47. Rxh6 {[%clk 00:14:26]}
Rg5 {[%clk 00:17:12]} {[%emt 00:00:04]} 48. Bg4 {[%clk 00:12:49]} {[%emt
00:00:37]} Ne1+ {[%clk 00:13:25]} {[%emt 00:04:17]} 49. Kf4 {[%clk 00:12:25]}
{[%emt 00:00:54]} Rg7 {[%clk 00:13:38]} {[%emt 00:00:17]} 50. Be6+ {[%clk
00:11:51]} {[%emt 00:01:05]} Ke7 {[%clk 00:13:08]} {[%emt 00:01:00]} 51. Bxd5
{[%clk 00:10:49]} {[%emt 00:01:32]} Nd3+ {[%clk 00:13:10]} {[%emt 00:00:27]}
52. Kf5 {[%clk 00:09:58]} {[%emt 00:01:20]} Nxb2 {[%clk 00:13:04]} {[%emt
00:00:37]} 53. Rb6 {[%clk 00:09:05]} {[%emt 00:01:22]} Nd1 {[%clk 00:07:53]}
{[%emt 00:05:40]} 54. Re6+ {[%clk 00:04:41]} {[%emt 00:04:54]} Kd8 {[%clk
00:07:11]} {[%emt 00:01:12]} 55. c4 {[%clk 00:02:55]} {[%emt 00:02:17]} bxc4
{[%clk 00:06:24]} {[%emt 00:01:18]} 56. Bxc4 {[%clk 00:03:06]} {[%emt
00:00:18]} Rg2 {[%clk 00:06:02]} {[%emt 00:00:52]} 57. d5 {[%clk 00:01:39]}
{[%emt 00:01:57]} Rc2 {[%clk 00:05:09]} {[%emt 00:04:35]} 58. Bb5 {[%clk
00:01:30]} Nc3 {[%clk 00:04:54]} {[%emt 00:00:02]} 59. Bc6 {[%clk 00:01:03]}
{[%emt 00:00:06]} Nxd5 {[%clk 00:01:29]} {[%emt 00:02:57]} 60. Bxd5 {[%clk
00:00:49]} {[%emt 00:00:43]} Rc3 {[%clk 00:01:51]} {[%emt 00:00:08]} 61. Ke5
{[%clk 00:00:45]} {[%emt 00:00:35]} Rxa3 {[%clk 00:01:44]} {[%emt 00:00:38]}
62. Kd6 {[%clk 00:00:42]} {[%emt 00:00:32]} Rd3 {[%clk 00:01:23]} {[%emt
00:00:51]} 63. Rh6 {[%clk 00:00:47]} {[%emt 00:00:25]} Re3 {[%clk 00:01:39]}
{[%emt 00:00:14]} 64. Rh8+ {[%clk 00:00:47]} {[%emt 00:00:29]} 1/2-1/2

[Event "DEM U14w 2024"]
[Site "Willingen GER"]
[Date "2024.05.22"]
[Round "5"]
[White "Dodul, Alice"]
[Black "Neininger, Sarah"]
[Result "1/2-1/2"]
[Termination "normal"]
[Board "4"]
[WhiteElo "1656"]
[BlackElo "1744"]
[WhiteClock "00:12:44"]
[BlackClock "00:05:45"]
[PlyCount "91"]
[WhiteFideId "34623817"]
[BlackFideId "16287410"]
[EventCountry "GER"]
[EventRounds "9"]
[EventType "swiss"]
[EventDate "2024.05.18"]

1. e4 {[%clk 01:30:59]} {[%emt 00:00:01]} c5 {[%clk 01:30:54]} {[%emt
00:00:06]} 2. c3 {[%clk 01:31:24]} {[%emt 00:00:05]} d5 {[%clk 01:31:20]}
{[%emt 00:00:04]} 3. exd5 {[%clk 01:31:50]} {[%emt 00:00:04]} Qxd5 {[%clk
01:31:44]} {[%emt 00:00:05]} 4. d4 {[%clk 01:32:16]} {[%emt 00:00:04]} Nc6
{[%clk 01:32:09]} {[%emt 00:00:06]} 5. Nf3 {[%clk 01:32:37]} {[%emt 00:00:09]}
Bf5 {[%clk 01:32:30]} {[%emt 00:00:08]} 6. Be3 {[%clk 01:32:12]} {[%emt
00:00:55]} cxd4 {[%clk 01:32:52]} {[%emt 00:00:08]} 7. cxd4 {[%clk 01:32:25]}
{[%emt 00:00:17]} e6 {[%clk 01:31:09]} {[%emt 00:02:13]} 8. Nc3 {[%clk
01:32:25]} {[%emt 00:00:31]} Qa5 {[%clk 01:25:06]} {[%emt 00:06:26]} 9. a3
{[%clk 01:31:59]} {[%emt 00:01:02]} Nf6 {[%clk 01:24:35]} {[%emt 00:01:01]} 10.
Be2 {[%clk 01:24:46]} {[%emt 00:07:44]} Ne4 {[%clk 01:21:19]} {[%emt 00:03:43]}
11. Qb3 {[%clk 01:24:41]} {[%emt 00:00:37]} Nxc3 {[%clk 01:10:55]} {[%emt
00:10:55]} 12. bxc3 {[%clk 01:25:02]} {[%emt 00:00:08]} Be7 {[%clk 01:08:18]}
{[%emt 00:03:07]} 13. O-O {[%clk 01:24:15]} {[%emt 00:01:17]} Qc7 {[%clk
01:07:28]} {[%emt 00:01:16]} 14. Rfc1 {[%clk 01:17:48]} {[%emt 00:07:01]} O-O
{[%clk 01:05:12]} {[%emt 00:02:46]} 15. Qd1 {[%clk 01:13:27]} {[%emt 00:04:51]}
Rac8 {[%clk 01:02:41]} {[%emt 00:02:57]} 16. c4 {[%clk 01:00:53]} {[%emt
00:13:08]} Rfd8 {[%clk 00:58:19]} {[%emt 00:04:50]} 17. Qa4 {[%clk 00:54:19]}
{[%emt 00:07:06]} Bf6 {[%clk 00:56:24]} {[%emt 00:02:24]} 18. Rd1 {[%clk
00:52:48]} {[%emt 00:02:01]} e5 {[%clk 00:45:31]} {[%emt 00:11:23]} 19. d5
{[%clk 00:48:01]} {[%emt 00:05:18]} e4 {[%clk 00:42:14]} {[%emt 00:03:47]} 20.
Nd4 {[%clk 00:47:55]} {[%emt 00:00:36]} Nxd4 {[%clk 00:39:13]} {[%emt
00:03:31]} 21. Bxd4 {[%clk 00:47:22]} {[%emt 00:01:03]} Bxd4 {[%clk 00:38:43]}
{[%emt 00:01:00]} 22. Rxd4 {[%clk 00:47:45]} {[%emt 00:00:06]} e3 {[%clk
00:35:16]} {[%emt 00:03:57]} 23. f3 {[%clk 00:42:09]} {[%emt 00:06:07]} Rd6
{[%clk 00:34:46]} {[%emt 00:00:56]} 24. Re1 {[%clk 00:36:27]} {[%emt 00:06:15]}
Rh6 {[%clk 00:33:56]} {[%emt 00:01:20]} 25. g3 {[%clk 00:36:20]} {[%emt
00:00:38]} Rg6 {[%clk 00:34:04]} {[%emt 00:00:21]} 26. Kg2 {[%clk 00:35:33]}
{[%emt 00:01:17]} Qe7 {[%clk 00:29:21]} {[%emt 00:05:07]} 27. Bd3 {[%clk
00:32:48]} {[%emt 00:03:21]} Qe5 {[%clk 00:27:02]} {[%emt 00:02:43]} 28. c5
{[%clk 00:31:22]} {[%emt 00:02:02]} Bxd3 {[%clk 00:25:28]} {[%emt 00:02:04]}
29. Rxd3 {[%clk 00:31:41]} {[%emt 00:00:11]} Qb2+ {[%clk 00:17:00]} {[%emt
00:08:58]} 30. Kh1 {[%clk 00:31:24]} {[%emt 00:00:47]} Rh6 {[%clk 00:15:48]}
{[%emt 00:01:42]} 31. h4 {[%clk 00:31:40]} {[%emt 00:00:14]} g5 {[%clk
00:09:43]} {[%emt 00:06:35]} 32. Qg4 {[%clk 00:28:50]} {[%emt 00:03:21]} Re8
{[%clk 00:09:48]} {[%emt 00:00:24]} 33. Qd4 {[%clk 00:22:07]} {[%emt 00:07:14]}
Qf2 {[%clk 00:09:18]} {[%emt 00:00:58]} 34. Rdxe3 {[%clk 00:22:01]} {[%emt
00:00:37]} Rxe3 {[%clk 00:08:55]} {[%emt 00:00:53]} 35. Qxe3 {[%clk 00:20:27]}
{[%emt 00:02:04]} Qxg3 {[%clk 00:08:27]} {[%emt 00:00:58]} 36. Qe8+ {[%clk
00:20:43]} {[%emt 00:00:15]} Kg7 {[%clk 00:08:52]} {[%emt 00:00:04]} 37. Qe5+
{[%clk 00:21:06]} {[%emt 00:00:07]} Qxe5 {[%clk 00:09:16]} {[%emt 00:00:07]}
38. Rxe5 {[%clk 00:21:27]} {[%emt 00:00:08]} Rxh4+ {[%clk 00:09:41]} {[%emt
00:00:06]} 39. Kg2 {[%clk 00:21:36]} {[%emt 00:00:20]} Kf6 {[%clk 00:09:58]}
{[%emt 00:00:13]} 40. Re4 {[%clk 00:17:03]} {[%emt 00:05:03]} Rxe4 {[%clk
00:09:37]} {[%emt 00:00:51]} 41. fxe4 {[%clk 00:17:29]} {[%emt 00:00:04]} Ke5
{[%clk 00:10:02]} {[%emt 00:00:05]} 42. a4 {[%clk 00:13:36]} {[%emt 00:04:23]}
h5 {[%clk 00:08:22]} {[%emt 00:02:10]} 43. a5 {[%clk 00:13:55]} {[%emt
00:00:11]} a6 {[%clk 00:08:42]} {[%emt 00:00:11]} 44. d6 {[%clk 00:12:24]}
{[%emt 00:02:00]} Ke6 {[%clk 00:09:02]} {[%emt 00:00:10]} 45. e5 {[%clk
00:12:31]} {[%emt 00:00:23]} f6 {[%clk 00:05:45]} {[%emt 00:03:47]} 46. exf6
{[%clk 00:12:44]} {[%emt 00:00:17]} 1/2-1/2